Statistics for The Mamas & The Papas Discography

Click here to take the quiz!

General Stats

  • This quiz has been taken 16 times
  • The average score is 9 of 60

Answer Stats

HintAnswer% Correct
If You Can Believe Your Eyes & EarsCalifornia Dreamin'
100%
If You Can Believe Your Eyes & EarsMonday, Monday
83%
DeliverCreeque Alley
75%
The Papas & The MamasDream A Little Dream Of Me
67%
DeliverDedicated To The One I Love
67%
The Mamas & The PapasI Saw Her Again
58%
If You Can Believe Your Eyes & EarsGo Where You Wanna Go
50%
The Papas & The MamasTwelve Thirty
42%
The Mamas & The PapasDancing Bear
33%
If You Can Believe Your Eyes & EarsGot A Feelin'
25%
If You Can Believe Your Eyes & EarsStraight Shooter
25%
The Mamas & The PapasDancing In The Street
17%
People Like UsSnowqueen Of Texas
17%
The Papas & The MamasSafe In My Garden
17%
DeliverTwist And Shout
17%
The Mamas & The PapasOnce Was A Time I Thought
17%
People Like UsBlueberries For Breakfast
17%
The Mamas & The PapasWords Of Love
17%
The Mamas & The PapasNo Salt On Her Tail
17%
If You Can Believe Your Eyes & EarsSomebody Groovy
17%
If You Can Believe Your Eyes & EarsI Call Your Name
17%
The Mamas & The PapasMy Heart Stood Still
8%
If You Can Believe Your Eyes & EarsDo You Wanna Dance
8%
The Papas & The MamasMidnight Voyage
8%
The Papas & The MamasMansions
8%
If You Can Believe Your Eyes & EarsSpanish Harlem
8%
The Papas & The MamasFor The Love Of Ivy
8%
People Like UsPacific Coast Highway
8%
DeliverJohn's Music Box
8%
DeliverDid You Ever Want To Cry
8%
The Papas & The MamasRooms
8%
If You Can Believe Your Eyes & EarsYou Baby
8%
DeliverSing For Your Supper
8%
If You Can Believe Your Eyes & EarsThe "In" Crowd
8%
DeliverMy Girl
8%
The Mamas & The PapasStrange Young Girls
8%
People Like UsLady Genevieve
0%
People Like UsShooting Star
0%
People Like UsNo Dough
0%
People Like UsEuropean Blueboy
0%
People Like UsPearl
0%
People Like UsI Wanna Be A Star
0%
People Like UsGrasshopper
0%
People Like UsPeople Like Us
0%
People Like UsStep Out
0%
The Papas & The MamasMeditation Mama (Transcendental Woman Travels)
0%
The Papas & The MamasToo Late
0%
The Papas & The MamasNothing's Too Good For My Little Girl
0%
The Papas & The MamasGemini Childe
0%
The Papas & The MamasThe Right Somebody To Love
0%
DeliverFrustration
0%
DeliverString Man
0%
DeliverBoys And Girls Together
0%
If You Can Believe Your Eyes & EarsHey Girl
0%
DeliverFree Advice
0%
The Mamas & The PapasTrip, Stumble & Fall
0%
The Mamas & The PapasThat Kind Of Girl
0%
The Mamas & The PapasEven If I Could
0%
The Mamas & The PapasI Can't Wait
0%
DeliverLook Through My Window
0%

Score Distribution

Percentile by Number Answered

Percent of People with Each Score

Your Score History

You have not taken this quiz